| 000 | 00628nam a2200241 a 4500 | ||
|---|---|---|---|
| 001 | 0001-1356 | ||
| 003 | ELIB.Books | ||
| 008 | 151028 2010 eng | ||
| 020 | _a0664257208 | ||
| 035 | _a(ELIB.Books)0001-1511 | ||
| 092 |
_a277.3 _bCob |
||
| 100 | _aCobb, John B. | ||
| 245 | _aReclaiming the Church | ||
| 260 |
_aLouisville _bWestminster John Knox Press _c1997 |
||
| 300 |
_a110 _c21.5 Cm |
||
| 500 | _aC/o Par Si Thu | ||
| 650 | _aChurch Renewal | ||
| 856 |
_nKBTS: Library _uKBTS: Elib |
||
| 942 |
_2ddc _cBK |
||
| 990 | _a2 | ||
| 998 |
_cbat _e2015-10-28 _mcat _u2018-08-21 |
||
| 999 |
_c11356 _d11356 |
||